Les guides verts Michelin en France - Statistiques

Statistiques générales
  • Ce quiz a été pris 14 fois
  • Le résultat moyen est 18 sur 38
Statistiques - réponses
Région Initiales Nom de guide % Correct
Auvergne-Rhône-Alpes A Auvergne
100%
Bretagne BN Bretagne Nord
100%
Bretagne BS Bretagne Sud
100%
Corse C Corse
100%
Bourgogne-Franche-Comté FCJ Franche-Comté, Jura
100%
Nouvelle Aquitaine A Aquitaine
91%
Bourgogne-Franche-Comté B Bourgogne
91%
Île-de-France IDF Île-de-France
91%
Île-de-France P Paris
91%
Grand Est L Lorraine
82%
Outre-mer G Guadeloupe
73%
Occitanie L Languedoc
73%
Outre-mer M Martinique
73%
Pays de la Loire PDLL Pays de la Loire
73%
Outre-mer R Réunion
73%
Normandie NC Normandie Cotentin
64%
Provence-Alpes-Côte d'Azur P Provence
64%
Grand Est AV Alsace Vosges
55%
Centre-Val-de-Loire Pays-de-la-Loire CDLL Châteaux de la Loire
55%
Grand Est CA Champagne, Ardennes
45%
Hauts-de-France PBDS Picardie, Baie de Somme
45%
Nouvelle Aquitaine PC Poitou, Charentes
45%
Auvergne-Rhône-Alpes AD Ardèche, Drôme
27%
Auvergne-Rhône-Alpes ADNSD Alpes du Nord, Savoie, Dauphiné
18%
Provence-Alpes-Côte d'Azur ADSHAADHO Alpes du Sud, Hautes-Alpes, Alpes-de-Haute-Provence
18%
Normandie NVSLS Normandie, Vallée de la Seine
18%
Nouvelle Aquitaine PBEN Pays Basque et Navarre
18%
Nouvelle Aquitaine CEP Charentes et Poitou
9%
Provence-Alpes-Côte d'Azur CDAM Côte d’Azur, Monaco
9%
Nouvelle Aquitaine Auvergne-Rhône-Alpes LB Limousin, Berry
9%
Auvergne-Rhône-Alpes LESR Lyon et sa région
9%
Occitanie RAPC Roussillon Aude Pays Cathare
9%
Normandie LDLM Littoral de la Manche
0%
Occitanie LAVDT Lot Aveyron Vallée du Tarn
0%
Hauts-de-France HDF Nord Pas-de-Calais
0%
Normandie NI Normandie impressionniste
0%
Nouvelle Aquitaine Occitanie PQDL Périgord, Quercy, Dordogne, Lot
0%
Occitanie PTG Pyrénées Toulouse Gers
0%
Aucun quiz correspondant
Distribution des résultats
% des personnes avec chaque résultat
Percentile par nombre de réponses
Votre historique - résultats
Vous n’avez pas pris ce quiz